Richtlinie des Obersten Gerichts von Ungarn über die Strafzumessung

Guardado en:  
Detalles Bibliográficos
Autor principal: Rácz, Georg (Autor)
Tipo de documento: Print Artículo
Lenguaje:Alemán
Publicado: 1977
En: Deutsche Richterzeitung
Año: 1977, Volumen: 55, Número: 8, Páginas: 232-235
Verificar disponibilidad: HBZ Gateway
Palabras clave:

MARC

LEADER 00000caa a22000002c 4500
001 163598128X
003 DE-627
005 20220608110844.0
007 tu
008 140207s1977 xx ||||| 00| ||ger c
035 |a (DE-627)163598128X 
035 |a (DE-576)400587386 
035 |a (DE-599)BSZ400587386 
040 |a DE-627  |b ger  |c DE-627  |e rakwb 
041 |a ger 
100 1 |a Rácz, Georg  |0 (DE-627)1251373690  |0 (DE-576)181373696  |4 aut 
109 |a Rácz, Georg  |a Rácz, György  |a Rácz, Georges 
245 1 0 |a Richtlinie des Obersten Gerichts von Ungarn über die Strafzumessung  |c Georg Racz 
264 1 |c 1977 
336 |a Text  |b txt  |2 rdacontent 
337 |a ohne Hilfsmittel zu benutzen  |b n  |2 rdamedia 
338 |a Band  |b nc  |2 rdacarrier 
773 0 8 |i In  |t Deutsche Richterzeitung  |d Hamm : Wilke Mediengruppe GmbH, 1909  |g 55(1977), 8, Seite 232-235  |w (DE-627)129487538  |w (DE-600)205492-9  |w (DE-576)014879611  |x 0340-8612  |7 nnas 
773 1 8 |g volume:55  |g year:1977  |g number:8  |g pages:232-235 
951 |a AR 
ELC |b 1 
LOK |0 000 xxxxxcx a22 zn 4500 
LOK |0 001 3292887135 
LOK |0 003 DE-627 
LOK |0 004 163598128X 
LOK |0 005 20140207082609 
LOK |0 008 140207||||||||||||||||ger||||||| 
LOK |0 040   |a DE-21-110  |c DE-627  |d DE-21-110 
LOK |0 689   |a s  |a Strafzumessung 
LOK |0 689   |a g  |a Ungarn 
LOK |0 852   |z Kein Bestand am IfK; Nachweis für KrimDok 
LOK |0 852   |a DE-21-110 
LOK |0 852 1  |m v  |9 00 
LOK |0 935   |a k110 
LOK |0 938   |k v 
LOK |0 939   |a 07-02-14  |b l01 
ORI |a SA-MARC-krimdoka001.raw